En el último planeta /
La novela En el último planeta de Ricardo Mariño cuenta la historia de un accidente intergaláctico que deja a la tripulación de un ómnibus espacial en un planeta desconocido. Mientras afrontan misteriosos fenómenos, Bruno Plop y Marcia se las ven con monstruos que se multiplican, el Rey Rasgos Repel...
Guardado en:
| Autor Principal: | |
|---|---|
| Formato: | Libro |
| Publicado: |
Buenos Aires :
Sudamericana,
1992
|
| Series: | Novela
|
| Materias: | |
| Etiquetas: |
Agregar Etiqueta
Sin Etiquetas, Sea el primero en etiquetar este registro!
|
| LEADER | 01623nam a22003255a 4500 | ||
|---|---|---|---|
| 001 | CEM.cems010685 | ||
| 008 | 130507s1992##################000#0#####d | ||
| 005 | 20231010082638.0 | ||
| 245 | 1 | 0 | |a En el último planeta / |c Ricardo Mariño |
| 260 | |a Buenos Aires : |b Sudamericana, |c 1992 | ||
| 300 | |a 182 p. | ||
| 490 | 0 | |a Novela | |
| 500 | |a Desde 11 años | ||
| 520 | |a La novela En el último planeta de Ricardo Mariño cuenta la historia de un accidente intergaláctico que deja a la tripulación de un ómnibus espacial en un planeta desconocido. Mientras afrontan misteriosos fenómenos, Bruno Plop y Marcia se las ven con monstruos que se multiplican, el Rey Rasgos Repelentes y otras situaciones desopilantes. La novela es una aventura para sufrir, reírse y soñar | ||
| 020 | |a 9500707330 | ||
| 100 | 1 | |a Mariño, Ricardo | |
| 082 | 0 | 4 | |a A863.4 |
| 653 | |a Literatura | ||
| 653 | |a Literatura argentina-siglo 20 | ||
| 653 | |a Novelas | ||
| 653 | |a Novela juvenil | ||
| 653 | |a Literatura juvenil | ||
| 859 | |a CEMS |b BIB. CEMS - Inicial y Primaria |h A863.4 |i M339-2 |k IP |p 6394 |t Ej.1 | ||
| 859 | |a CEMS |b BIB. CEMS - 11 de abril |h A863.4 |i M339-5 |p 21247.01 |t Ej.1 | ||
| 859 | |a CEMS |b BIB. CEMS - 11 de abril |h A863.4 |i M339-5 |p 22954.05 |t Ej.2 | ||
| 859 | |a CEMS |b BIB. CEMS - Inicial y Primaria |h A863.4 |i M339-2 |k IP |p 6525 |t Ej.2 | ||
| 859 | |a CEMS |b BIB. CEMS - 11 de abril |h A863.4 |i M339-5 |p 22955.05 |t Ej.3 | ||
| 859 | |a CEMS |b BIB. CEMS - 11 de abril |h A863.4 |i M339-5 |p 25250.08 |t Ej.4 | ||
| 859 | |a CEMS |b BIB. CEMS - 11 de abril |h A863.4 |i M339-5 |p 25251.08 |t Ej.5 | ||
| 859 | |a CEMS |b BIB. CEMS - 11 de abril |h A863.4 |i M339-5 |p 27998.19 |t Ej.6 | ||
